Dalmacio Vélez Sarsfield. Obras de su biblioteca personal.
Salvato in:
| Autore principale: | |
|---|---|
| Altri autori: | |
| Natura: | Libro |
| Lingua: | spagnolo |
| Pubblicazione: |
Buenos Aires, Argentina:
Senado de la Nación,
2006.
|
| Edizione: | 1a. ed. |
| Soggetti: | |
| Tags: |
Aggiungi Tag
Nessun Tag, puoi essere il primo ad aggiungerne!!
|
MARC
| LEADER | 00000cam a2200000 a 4500 | ||
|---|---|---|---|
| 001 | UCF3203 | ||
| 003 | CL-VaPUC | ||
| 005 | 20220822114405.0 | ||
| 008 | 121004e20060000AG |||||||||||||||||spa|d | ||
| 999 | |c 349685 |d 349683 | ||
| 020 | |a 978-950-9660-37-3 | ||
| 040 | |c Pontificia Universidad Católica de Valparaíso | ||
| 082 | 0 | 4 | |a 340.982 TOR 2006 |2 21 |
| 100 | 0 | |a Torres, Félix Alberto |e compilador |9 565146 | |
| 245 | 1 | 0 | |a Dalmacio Vélez Sarsfield. |b Obras de su biblioteca personal. |
| 250 | |a 1a. ed. | ||
| 260 | |a Buenos Aires, Argentina: |b Senado de la Nación, |c 2006. | ||
| 300 | |a 442 páginas. | ||
| 500 | |a c.2 Donación Familia Prof. Alejandro Guzmán Brito. | ||
| 583 | |a last modification |c 20121010 10:19:18 |k Rodrigo Vera | ||
| 650 | 0 | |a Derecho argentino |9 385298 | |
| 650 | 0 | |a Historia del derecho argentino |9 478456 | |
| 700 | |a Rossi, Carlos Alberto |e prólogo |9 865701 | ||
| 942 | |c BK |2 ddc |n 0 | ||
| 945 | |d 20121004 00:00:00 |a dcastane | ||
| 952 | |0 0 |1 0 |4 0 |6 340_982000000000000_TOR_2006 |7 0 |8 DER_HIS |9 452414 |a BIBDER |b BIBDER |d 2019-11-22 |i 4906047 |o 340.982 TOR 2006 |p 4906047 |r 2023-01-25 |w 2019-11-22 |x Ubicación 4to Piso |y BK |z Estos recursos deben solicitarse con anticipación |k DER | ||
| 952 | |0 0 |1 0 |2 ddc |4 0 |6 340_982000000000000_TOR_2006 |7 1 |8 C_AGB |9 580411 |a BIBDER |b BIBDER |d 2022-01-11 |e Donación |i 5637538 |o 340.982 TOR 2006 |p 5637538 |r 2023-01-25 |t 2 |w 2022-01-11 |y BK_US |k AGB | ||